[Event "Paretana-C"]
[Site "Paretana"]
[Date "1999.12.29"]
[Round "3"]
[White "Costa Trave, Jaume"]
[Black "Fabre Vila, Miguel"]
[Result "0-1"]
[WhiteElo "2106"]
[BlackElo "2190"]
[PlyCount "87"]
[EventDate "1999.12.27"]
[EventType "tourn"]
[EventRounds "9"]
[EventCountry "ESP"]
[SourceTitle "EXT 2001"]
[Source "ChessBase"]
[SourceDate "2000.11.22"]
[SourceVersion "1"]
[SourceVersionDate "2000.11.22"]
[SourceQuality "1"]

1. f4 d5 2. Nf3 c5 3. e3 Nf6 4. d4 e6 5. c3 Nbd7 6. Bd3 g6 7. 0-0 Bg7 8. Qe1 0-0 9. Nbd2 b6 10. Ne5 Bb7 11. Ndf3 Ne4 12. Bd2 Ndf6 13. Rd1 Qc8 14. Ng5 Ba6 15. c4 Nxd2 16. Rxd2 cxd4 17. cxd5 Bxd3 18. Rxd3 Nxd5 19. exd4 Qb7 20. Ng4 h6 21. Qh4 h5 22. Nf2 Rfc8 23. Nfe4 Rc2 24. g4 Nf6 25. Nxf6+ Bxf6 26. d5 Rd8 27. gxh5 Rxd5 28. Rdf3 Rdd2 29. hxg6 fxg6 30. Qh3 Bd4+ 31. Kh1 Rxh2+ 32. Qxh2 Rxh2+ 33. Kxh2 Bxb2 34. Nxe6 Qd5 35. Ng5 Bf6 36. R1f2 b5 37. Nh3 Bd4 38. Rd3 Qe4 39. Rfd2 Bb6 40. Rd7 a5 41. Rg2 Bc5 42. Rd8+ Kg7 43. Rd7+ Kf6 44. Rf7+ 0-1